000 00339cam a2200145ua 4500
041 _aeng
_h
082 _a666.3
_bKEN/Co
100 _aKenny, John B .
245 _aComplete book of pottery making
260 _aLondon :
_bSir Isaac Pitman & Sons Ltd ,
_c1968.
300 _a242 ; .
504 _a
942 _cBK
999 _c4339
_d4339